Why you get sick,how to get well : (Record no. 31253)

000 -LEADER
fixed length control field 00689nam a22001937a 4500
005 - DATE AND TIME OF LATEST TRANSACTION
control field 20220301111352.0
008 - FIXED-LENGTH DATA ELEMENTS--GENERAL INFORMATION
fixed length control field 220301b |||||||| |||| 00| 0 eng d
020 ## - INTERNATIONAL STANDARD BOOK NUMBER
International Standard Book Number 0787106852
050 ## - LIBRARY OF CONGRESS CALL NUMBER
Classification number RC 489,
Item number .P67J36 1996
100 ## - MAIN ENTRY--PERSONAL NAME
Personal name Janov Arthur
245 ## - TITLE STATEMENT
Title Why you get sick,how to get well :
Remainder of title The healing power of feelings/
Statement of responsibility, etc. Dr. Arthur Janov
260 ## - PUBLICATION, DISTRIBUTION, ETC. (IMPRINT)
Place of publication, distribution, etc. West Hollywood, CA. :
Name of publisher, distributor, etc. Dove Books,
Date of publication, distribution, etc. ©1996.
300 ## - PHYSICAL DESCRIPTION
Extent xv, 295 p. :
Other physical details ill. (some color) ;
Dimensions 24 cm
504 ## - BIBLIOGRAPHY, ETC. NOTE
Bibliography, etc Includes Bibliographical Reference and Index
650 ## - SUBJECT ADDED ENTRY--TOPICAL TERM
Topical term or geographic name as entry element Primal therapy.
650 ## - SUBJECT ADDED ENTRY--TOPICAL TERM
Topical term or geographic name as entry element Mental Healing.
650 ## - SUBJECT ADDED ENTRY--TOPICAL TERM
Topical term or geographic name as entry element Psychotherapy.
942 ## - ADDED ENTRY ELEMENTS (KOHA)
Source of classification or shelving scheme
Classification part RC 489 .P67J36 1996
Koha item type Hard Covered Materials
Holdings
Withdrawn status Lost status Source of classification or shelving scheme Damaged status Not for loan Home library Current library Shelving location Date acquired Source of acquisition Cost, normal purchase price Total Checkouts Full call number Barcode Date last seen Date last checked out Price effective from Koha item type
          MACHAKOS UNIVERSITY LIBRARY MACHAKOS UNIVERSITY LIBRARY Open shelf 01/03/2022 Donation- Damaris Kimanzi 214.00 1 RC 489 .P67J36 1996 39100 21/09/2022 07/09/2022 01/03/2022 Hard Covered Materials
© Machakos University Library, Along The Highway, Machakos Wote Rd, Machakos, Kenya P.O. Box 136 - 90100 Machakos - Kenya

Tel: ( +254 ) 723 805829 OR Fax : 044-20353 OR Email: library@mksu.ac.ke